Uniform traffic control devices for street &highways / (Record no. 528100)

000 -LEADER
fixed length control field 00280nam a22001217a 4500
003 - CONTROL NUMBER IDENTIFIER
control field NUST
038 ## - RECORD CONTENT LICENSOR
Staff Name M.Ramzan
082 ## - DEWEY DECIMAL CLASSIFICATION NUMBER
Classification number 388.312
Author Mark AAS
100 ## - MAIN ENTRY--PERSONAL NAME
Personal name AASHTO
9 (RLIN) 19667
245 ## - TITLE STATEMENT
Title Uniform traffic control devices for street &highways /
Statement of responsibility, etc. AASHTO
260 ## - PUBLICATION, DISTRIBUTION, ETC.
Place of publication, distribution, etc. US
942 ## - ADDED ENTRY ELEMENTS (KOHA)
Source of classification or shelving scheme
Koha item type Book
Holdings
Withdrawn status Lost status Source of classification or shelving scheme Damaged status Not for loan Permanent Location Current Location Date acquired Total Checkouts Full call number Barcode Date last seen Price effective from Koha item type
          School of Civil and Environmental Engineering (SCEE) School of Civil and Environmental Engineering (SCEE) 08/28/2019   388.312 AAS NIT-10227 08/28/2019 08/28/2019 Book
© 2023 Central Library, National University of Sciences and Technology. All Rights Reserved.